Κατάλογος Βιβλιοθηκών Mediterranean College

Financial Management / Theory and Practice: Ninth Edition (Record no. 2394)

MARC details
000 -LEADER
fixed length control field 02536cam a22002414a 4500
005 - ΗΜΕΡΟΜΗΝΙΑ ΚΑΙ ΩΡΑ ΤΕΛΕΥΤΑΙΑΣ ΕΝΗΜΕΡΩΣΗΣ
Πεδίο ελέγχου 20250605164040.0
008 - FIXED-LENGTH DATA ELEMENTS--GENERAL INFORMATION
Πεδίο ελέγχου σταθερού μήκους 250528s ||||||||||||||||||||||||d
035 ## - SYSTEM CONTROL NUMBER
System control number 16951
020 ## - ISBN
ISBN 30243998
040 ## - ΠΗΓΗ ΚΑΤΑΛΟΓΟΓΡΑΦΗΣΗΣ
Φορέας πρωτότυπης καταλογογράφησης MC Athens Campus Library
Γλώσσα καταλογογράφησης Ελληνικά, Μοντέρνα (1453-)
Modifying agency MC Athens Campus Library
Κανόνες περιγραφικής καταλογογράφησης AACR2
245 1# - ΤΙΤΛΟΣ ΚΑΙ ΔΗΛΩΣΗ ΥΠΕΥΘΥΝΟΤΗΤΑΣ
Τίτλος Financial Management / Theory and Practice: Ninth Edition
250 ## - EDITION STATEMENT
Edition statement 9th
260 ## - PUBLICATION, DISTRIBUTION, ETC.
Name of publisher, distributor, etc. Harcourt College Publishers,
Date of publication, distribution, etc. 1999
300 ## - PHYSICAL DESCRIPTION
Extent 1178
505 0# - FORMATTED CONTENTS NOTE
Formatted contents note Preface, Introduction to Financial Management, An Overview of Financial Management, Financial Statements and Cash Flow and Taxes, Analysis of Financial Statements, Extensions, The Financial Environment: Markets and Institutions and Interest Rates, Fundamental Concepts, Risk and Return: The Basics, Risk and Return: Extensions, Time Value of Money, Securities and Their Valuation, Bonds and Their Valuation, Stocks and Their Valuation, Strategic Investment Decisions, The Cost of Capital, The Basics of Capital Budgeting, Risk Analysis and Real Options, Strategic Financing Decisions, Distribution to Shareholders: Dividends and Repurchases, Tactical Financing Decisions, Lease Financing, Hybrid Financing: Preferred Stock and Warrants and Convertibles, Working Capital Management, Current Asset Management, Short-Term Financing, Special Topics, Derivatives and Risk Management, Multinational Financial Management, Pension Plan Management, Appendixes, Index.
520 ## - SUMMARY, ETC.
Summary, etc. Preface, Introduction to Financial Management, An Overview of Financial Management, Financial Statements and Cash Flow and Taxes, Analysis of Financial Statements, Extensions, The Financial Environment: Markets and Institutions and Interest Rates, Fundamental Concepts, Risk and Return: The Basics, Risk and Return: Extensions, Time Value of Money, Securities and Their Valuation, Bonds and Their Valuation, Stocks and Their Valuation, Strategic Investment Decisions, The Cost of Capital, The Basics of Capital Budgeting, Risk Analysis and Real Options, Strategic Financing Decisions, Distribution to Shareholders: Dividends and Repurchases, Tactical Financing Decisions, Lease Financing, Hybrid Financing: Preferred Stock and Warrants and Convertibles, Working Capital Management, Current Asset Management, Short-Term Financing, Special Topics, Derivatives and Risk Management, Multinational Financial Management, Pension Plan Management, Appendixes, Index.
700 1# - ΠΡΟΣΘΕΤΗ ΑΝΑΓΡΑΦΗ--ΦΥΣΙΚΟ ΠΡΟΣΩΠΟ
Personal name Brigham Eugene F
9 (RLIN) 1101
700 1# - ΠΡΟΣΘΕΤΗ ΑΝΑΓΡΑΦΗ--ΦΥΣΙΚΟ ΠΡΟΣΩΠΟ
Personal name Ehrhardt Michael C
9 (RLIN) 3047
700 1# - ΠΡΟΣΘΕΤΗ ΑΝΑΓΡΑΦΗ--ΦΥΣΙΚΟ ΠΡΟΣΩΠΟ
Personal name Gapenski Louis C
9 (RLIN) 1102
942 ## - ADDED ENTRY ELEMENTS (KOHA)
Koha item type Books
Holdings
Τύπος τεκμηρίου Βιβλιοθήκη Τρέχουσα τοποθεσία Barcode Αριθμός εισαγωγής Ημερομηνία απόκτησης Ταξιθετικό σύμβολο Αριθμός αντιτύπου Κατάσταση απόσυρσης Κατάσταση χαμένου Κατάσταση κατεστραμμένου Μη δανεισμός Σύνολο δανεισμών Ημερομηνία τελευταίας εμφάνισης Η τιμή ισχύει από
Books MC Athens Campus Library MC Athens Campus Library 9780000023933 5625 05/06/2025 658.1/5/0973 BRI 1           05/06/2025 05/06/2025

MC Athens Campus Library
Πατησίων 94 & Κοδριγκτώνος 13, 104 34
Πελλήνης 8 & Πατησίων 107, 112 51
Τ: +30 210 8899600

MC Thessaloniki Campus Library
Ίωνος Δραγούμη 21, 54625 | Ίωνος Δραγούμη 15, 54625
Τ: +30 2310 287779 – Τ: +30 2314 440300